<?xml version="1.0" encoding="UTF-8"?>
<collection xmlns="http://www.loc.gov/MARC21/slim">
 <record>
  <leader>00771pamaa2200181   4500</leader>
  <controlfield tag="001">0000020591</controlfield>
  <controlfield tag="005">20110126090000.0</controlfield>
  <datafield tag="020" ind1="0" ind2="0">
   <subfield code="a">[ nil ] </subfield>
  </datafield>
  <datafield tag="090" ind1="0" ind2="0">
   <subfield code="a">TJ145 </subfield>
   <subfield code="b">SOW 1998</subfield>
  </datafield>
  <datafield tag="100" ind1="1" ind2="0">
   <subfield code="a">SOW HOCK ANN </subfield>
  </datafield>
  <datafield tag="245" ind1="1" ind2="0">
   <subfield code="a">Planning and design of bus station by Sow Hock Ann.  2. Reinforced concrete design and detailing for a three storey shops and offices by Khoo Chang Lok.  3. Planning and design of a secondary school building by Liew Guan Dut.  4. Cost comparison between different types of RC layout structure by Kelvin Yeoh Pui Keat.</subfield>
  </datafield>
  <datafield tag="260" ind1="0" ind2="0">
   <subfield code="a">Nilai: </subfield>
   <subfield code="b">INTI College Malaysia, </subfield>
   <subfield code="c">1998.</subfield>
  </datafield>
  <datafield tag="300" ind1=" " ind2=" ">
   <subfield code="a">Volume I.</subfield>
  </datafield>
  <datafield tag="650" ind1="0" ind2="0">
   <subfield code="a">Project paper </subfield>
  </datafield>
  <datafield tag="650" ind1="0" ind2="0">
   <subfield code="a">Civil engineering -- </subfield>
   <subfield code="x">Project paper </subfield>
  </datafield>
  <datafield tag="700" ind1="1" ind2="1">
   <subfield code="a">KHOO CHANG LOK </subfield>
  </datafield>
  <datafield tag="700" ind1="1" ind2="1">
   <subfield code="a">LIEW GUAN DUT </subfield>
  </datafield>
  <datafield tag="700" ind1="1" ind2="1">
   <subfield code="a">YEOH PUI KEAT, </subfield>
   <subfield code="h">Kelvin </subfield>
  </datafield>
 </record>
</collection>
